000 00227 a2200097 4500
001 15436
100 _aTaylor, J.W.R
245 _aJane's all the world Aircraft-63-64
260 _aLondon
_bSampson Low
_c
090 _c12060
_d12060
942 _aNUST-CAE
_cM
_c2293
999 _c250509
_d250509